| 000 | 00627nam a2200217Ia 4500 | ||
|---|---|---|---|
| 003 | GCL | ||
| 008 | 140319s9999 xx 000 0 ara d | ||
| 040 |
_aGCL / _cGCL |
||
| 082 | 0 | 4 |
_aق _b915.3 _bح ا |
| 245 | 1 | 0 | _aالاثار الاسلامية |
| 300 | _a367 | ||
| 490 |
_aكتاب _v0 |
||
| 650 | 0 | 4 | _aالعمارة الاسلامية |
| 650 | 0 | 4 | _aالاثار الاسلامية |
| 650 | 0 | 4 | _aالمساجد |
| 650 | 0 | 4 | _aاضرحة الائمة والاولياء |
| 650 | 0 | 4 | _aالقصور الاسلامية |
| 650 | 0 | 4 | _aالقصصيون العرب |
| 650 | 0 | 4 | _aالفن الاسلامى |
| 942 |
_2ddc _cBK |
||
| 999 |
_c43122 _d43122 |
||